Δίκαιο εξυγίανσης και εκκαθάρισης προβληματικών επιχειρήσεων

Αποθηκεύτηκε σε:
Λεπτομέρειες βιβλιογραφικής εγγραφής
Κύριος συγγραφέας: Κοτσίρης, Λάμπρος Ε., 1934-
Άλλοι συγγραφείς: Αγγελίδου, Ράνια Χατζηνικολάου-
Μορφή: Βιβλίο
Γλώσσα:Greek
Δημοσίευση: Αθήνα : Θεσσαλονίκη : Σάκκουλας, 2002
Έκδοση:2η έκδ.
Θέματα:
Ετικέτες: Προσθήκη ετικέτας
Δεν υπάρχουν, Καταχωρήστε ετικέτα πρώτοι!

MARC

LEADER 00000cam a2200000 i 4500
001 1/77561
008 050530s2002 gre d
020 |a 960-301-681-0 
035 |l 10078272 
040 |a GR-MY-UA  |b gre  |e aacr 
041 0 |a gre 
082 0 |a 346.065  |2 (22) 
100 1 |a Κοτσίρης, Λάμπρος Ε.,   |d 1934- 
245 1 0 |a Δίκαιο εξυγίανσης και εκκαθάρισης προβληματικών επιχειρήσεων /  |c Λάμπρου Ε. Κοτσίρη, Ράνιας Χατζηνικολάου - Αγγελίδου 
250 |a 2η έκδ. 
260 |a Αθήνα :   |a Θεσσαλονίκη :   |b Σάκκουλας,   |c 2002 
300 |a xvi, 269 σ.;  |c 24 εκ. 
504 |a Περιλαμβάνει βιβλιογραφία και ευρετήριο 
650 0 0 |a Business enterprises  |x Law and legislation. 
650 0 0 |a Business enterprises  |z Greece. 
650 0 0 |a Bankruptcy  |x Law. 
700 1 |a Αγγελίδου, Ράνια Χατζηνικολάου- 
852 |a INST  |b CHIOS  |e 20050530  |h 346.065 KOT  |p 005200021717  |q 005200021717  |t BK  |y 0 
901 |a BIBL2-2005-2 
909 |a Χ  |b 118749 
920 |a Διεύρυνση  |b ΕΠΕΑΕΚ-ΤΝΕΥ  |y Χίος  |z 2004-12 
970 |a Χαζίρη  |b Αννα  |z 2005/05/30